000 00559nam a2200217Ia 4500
005 20250508162025.0
008 008 250505s9999 xx 000 0 eng d
037 _aTextual
040 _aFEDL
_beng
_cFEDL
041 _aeng
_2eng
084 _a001.42, COH
_qFEDL
100 _aCohen L
245 0 _aEducational research
260 _aLondon, UK
_bCroom Helm
_c1980
300 _a328p
365 _aGBP
_b11.5
650 _aResearch Methods
700 _a Manion L
_9772075
942 _cTEXL
_h001.42, COH
999 _c1373890
_d1373890